<?xml version="1.0" encoding="UTF-8"?>
<collection xmlns="http://www.loc.gov/MARC21/slim">
 <record>
  <leader>01388nam a22002177a 4500</leader>
  <controlfield tag="001">NCT_69106</controlfield>
  <controlfield tag="008">190912b        xxu||||| |||| 00| 0 vie d</controlfield>
  <datafield tag="999" ind1=" " ind2=" ">
   <subfield code="c">3347</subfield>
   <subfield code="d">3347</subfield>
  </datafield>
  <datafield tag="020" ind1=" " ind2=" ">
   <subfield code="c">150000</subfield>
  </datafield>
  <datafield tag="082" ind1="0" ind2="4">
   <subfield code="2">23rd ed.</subfield>
   <subfield code="a">133</subfield>
   <subfield code="b">H305</subfield>
  </datafield>
  <datafield tag="100" ind1="1" ind2=" ">
   <subfield code="a">Vu Hy Hiền</subfield>
  </datafield>
  <datafield tag="245" ind1="1" ind2="0">
   <subfield code="a">Phong thủy cổ đại Trung Quốc</subfield>
   <subfield code="n">Tập 1</subfield>
   <subfield code="p">Lý luận và thực tiễn</subfield>
   <subfield code="c">Vu Hy Hiền, Vu Dũng ; Chu Trọng Thu (hiệu đính)</subfield>
  </datafield>
  <datafield tag="260" ind1=" " ind2=" ">
   <subfield code="a">Tp. Hồ Chí Minh</subfield>
   <subfield code="b">Tổng hợp Tp. Hồ Chí Minh</subfield>
   <subfield code="c">2009</subfield>
  </datafield>
  <datafield tag="300" ind1=" " ind2=" ">
   <subfield code="a">336 tr.</subfield>
   <subfield code="b">minh họa, biểu bảng</subfield>
   <subfield code="c">23cm</subfield>
  </datafield>
  <datafield tag="520" ind1="3" ind2=" ">
   <subfield code="a">Quyển sách này cung cấp những kiến giải nghiên cứu về phong thủy của Trung Quốc và những tinh hoa thời cổ đại trong lĩnh vực này. Những nội dung có thể được tìm thấy trong sách bao gồm: giới thiệu về thuật phong thủy, nguồn gốc của phong thủy cổ đại Trung Quốc, nền tảng lý luận của văn hóa kiến trúc phong thủy.</subfield>
  </datafield>
  <datafield tag="653" ind1=" " ind2=" ">
   <subfield code="a">Sách tham khảo</subfield>
  </datafield>
  <datafield tag="700" ind1="1" ind2=" ">
   <subfield code="a">Vu Dũng</subfield>
  </datafield>
  <datafield tag="700" ind1="1" ind2=" ">
   <subfield code="a">Chu Trọng Thu</subfield>
   <subfield code="e">Hiệu đính</subfield>
  </datafield>
  <datafield tag="942" ind1=" " ind2=" ">
   <subfield code="2">ddc</subfield>
   <subfield code="c">BK</subfield>
  </datafield>
  <datafield tag="952" ind1=" " ind2=" ">
   <subfield code="0">0</subfield>
   <subfield code="1">0</subfield>
   <subfield code="2">ddc</subfield>
   <subfield code="4">0</subfield>
   <subfield code="6">133_000000000000000_H305</subfield>
   <subfield code="7">0</subfield>
   <subfield code="9">17826</subfield>
   <subfield code="a">000001</subfield>
   <subfield code="b">000001</subfield>
   <subfield code="d">2019-09-12</subfield>
   <subfield code="o">133 H305</subfield>
   <subfield code="p">TK.00906</subfield>
   <subfield code="r">2019-09-12</subfield>
   <subfield code="v">150000.00</subfield>
   <subfield code="w">2019-09-12</subfield>
   <subfield code="y">BK</subfield>
  </datafield>
  <datafield tag="980" ind1=" " ind2=" ">
   <subfield code="a">Thư viện Trường Đại học Nam Cần Thơ</subfield>
  </datafield>
 </record>
</collection>
